000 00368nam a2200169Ia 4500
008 221030s9999 xx 000 0 und d
020 _a8120327603
041 _aEnglish
082 _a105.23
100 _aK. Ogata
245 0 _aDiscrete - Time Control Systems
250 _a2nd
260 _bPHI
_aNew Delhi
_c2007
300 _a745
650 _aEE
942 _cBK
999 _c5888
_d5888